The teacher's Bible commentary. (Record no. 2186)

MARC details
000 -LEADER
fixed length control field 00855cam a2200253 4500
001 - CONTROL NUMBER
control field 802536
003 - CONTROL NUMBER IDENTIFIER
control field GBCCL
005 - DATE AND TIME OF LATEST TRANSACTION
control field 20241126110421.0
008 - FIXED-LENGTH DATA ELEMENTS--GENERAL INFORMATION
fixed length control field 720705s1972 tnua 000 0 eng
010 ## -
-- 75189505
020 ## - INTERNATIONAL STANDARD BOOK NUMBER
International Standard Book Number 080541116X
040 ## - CATALOGING SOURCE
Original cataloging agency DLC
Transcribing agency DLC
Modifying agency DLC
050 00 -
-- BS491.2
-- .P34
082 00 - DEWEY DECIMAL CLASSIFICATION NUMBER
Classification number 220.7
Item number TEA
100 1# - MAIN ENTRY--PERSONAL NAME
Personal name Paschall, Henry Franklin.
9 (RLIN) 4468
245 14 - TITLE STATEMENT
Title The teacher's Bible commentary.
Statement of responsibility, etc. Edited by H. Franklin Paschall, Old Testament [and] Herschel H. Hobbs, New Testament.
260 ## - PUBLICATION, DISTRIBUTION, ETC.
Place of publication, distribution, etc. Nashville,
Name of publisher, distributor, etc. Broadman Press
Date of publication, distribution, etc. [1972]
300 ## - PHYSICAL DESCRIPTION
Extent 817 p.
Other physical details illus.
Dimensions 24 cm.
630 00 - SUBJECT ADDED ENTRY--UNIFORM TITLE
Uniform title Bible
General subdivision Commentaries.
9 (RLIN) 1243
700 1# - ADDED ENTRY--PERSONAL NAME
Personal name Hobbs, Herschel H.
9 (RLIN) 3868
856 42 - ELECTRONIC LOCATION AND ACCESS
Materials specified Publisher description
Uniform Resource Identifier <a href="http://www.loc.gov/catdir/enhancements/fy0902/75189505-d.html">http://www.loc.gov/catdir/enhancements/fy0902/75189505-d.html</a>
906 ## - LOCAL DATA ELEMENT F, LDF (RLIN)
a 7
b cbc
c orignew
d 2
e ncip
f 19
g y-gencatlg
942 ## - ADDED ENTRY ELEMENTS (KOHA)
Source of classification or shelving scheme Dewey Decimal Classification
Koha item type Reference Books
Holdings
Withdrawn status Lost status Source of classification or shelving scheme Damaged status Not for loan Home library Current Library Shelving location Date acquired Total checkouts Full call number Barcode Date last seen Copy number Price effective from Koha item type
    Dewey Decimal Classification     GRACE BIBLE COLLEGE GRACE BIBLE COLLEGE Commentary 2017-07-11   220.7 TEA 009914 2025-05-01 c.1 2017-07-11 Reference Books
© Grace Bible College Library 2025